Fatal fortune #12 : a psychic eye mystery / ... Read More
Available copies
- 1 of 1 copy available at LARL/NWRL Consortium.
Current holds
0 current holds with 1 total copy.
Show All Copies
| Location | Call Number / Copy Notes | Barcode | Shelving Location | Status | Due Date |
|---|---|---|---|---|---|
| Moorhead Public Library | M LAU (Text) | 33500011907656 | Main | Available | - |
Record details
- ISBN: 9780451240613 (hardback)
- ISBN: 0451240618 (hardback)
- Physical Description: ix, 289 pages ; 22 cm.
- Publisher: New York : Obsidian, 2014
Content descriptions
| General Note: | "An Obsidian mystery." |
| Summary, etc.: | "When police show Abby surveillance video of her ... Read More |
Search for related items by subject
| Subject: | Cooper, Abby (Fictitious character) > Fiction. Women psychics > Fiction. Women detectives > Fiction. FICTION / Mystery & Detective / Women Sleuths. FICTION / Mystery & Detective / General. |
| Genre: | Occult fiction. Mystery fiction |
Search for related items by series
| LDR | 02304cam a22004578i 4500 | ||
|---|---|---|---|
| 001 | 168768 | ||
| 003 | LARL_NWRL_CONSORTIUM | ||
| 005 | 20140801104553.0 | ||
| 008 | 140409s2014 nyu 000 1 eng | ||
| 019 | . | ‡a861478853 | |
| 020 | . | ‡a9780451240613 (hardback) | |
| 020 | . | ‡a0451240618 (hardback) | |
| 035 | . | ‡a(OCoLC)861673562 ‡z(OCoLC)861478853 | |
| 042 | . | ‡apcc | |
| 082 | 0 | 0. | ‡a813/.6 ‡223 |
| 084 | . | ‡aFIC022040 ‡aFIC022000 ‡2bisacsh | |
| 100 | 1 | . | ‡aLaurie, Victoria. ‡0(LARL_NWRL_CONSORTIUM)206588 |
| 245 | 1 | 0. | ‡aFatal fortune ‡n#12 : ‡ba psychic eye mystery / ‡cVictoria Laurie. |
| 260 | . | ‡aNew York : ‡bObsidian, ‡c2014 | |
| 300 | . | ‡aix, 289 pages ; ‡c22 cm. | |
| 336 | . | ‡atext ‡2rdacontent | |
| 337 | . | ‡aunmediated ‡2rdamedia | |
| 338 | . | ‡avolume ‡2rdacarrier | |
| 490 | 0 | . | ‡aPsychic eye ; ‡v12 |
| 520 | . | ‡a"When police show Abby surveillance video of her best friend and business partner, Candice Fusco, shooting a man in cold blood, she can't believe her eyes. And when the cops tell her they think the victim has ties to the Mob--and perhaps Candice does too--she can't believe her ears. Surely there is a logical explanation. But Candice is nowhere to be found. Abby decides the only way to find out the truth is to go to Vegas herself--which may be the biggest gamble of her life. Once in town she begins to uncover a rigged game of dirty double-dealing where the stakes are no less than life and death. And if she's not careful, Abby can forget about ever leaving Las Vegas...alive. "-- ‡cProvided by publisher. | |
| 500 | . | ‡a"An Obsidian mystery." | |
| 650 | 0. | ‡aCooper, Abby (Fictitious character) ‡vFiction. | |
| 650 | 0. | ‡aWomen psychics ‡vFiction. | |
| 650 | 0. | ‡aWomen detectives ‡vFiction. ‡0(LARL_NWRL_CONSORTIUM)167906 | |
| 650 | 7. | ‡aFICTION / Mystery & Detective / Women Sleuths. ‡2bisacsh | |
| 650 | 7. | ‡aFICTION / Mystery & Detective / General. ‡2bisacsh | |
| 655 | 7. | ‡aOccult fiction. ‡2gsafd | |
| 655 | 7. | ‡aMystery fiction ‡2gsafd | |
| 901 | . | ‡a168768 ‡bOCLC ‡c168768 ‡tbiblio | |

Add to basket
Permalink
Disable Highlighting